ბათუმის შოთა რუსთაველის სახელმწიფო უნივერსიტეტის ბიბლიოთეკა

სულის ზრდა : (ბიბ.ჩანაწერი № 55869)

000 -ლიდერი
ფიქსირებული სიგრძის საკონტროლო ველი 01274nam a2200277Ia 4500
001 - საკონტროლო ნომერი
საკონტროლო ველი 22967
003 - საკონტროლო ნომრის იდენტიფიკატორი
საკონტროლო ველი GE_BSU
005 - ბოლო ოპერაციის თარიღი და დრო
საკონტროლო ველი 20230614113505.0
008 - ფიქსირებული სიგრძის მონაცემთა ელემენტები - ზოგადი ინფორმაცია
ფიქსირებული სიგრძის საკონტროლო ველი 181216s ||||ge |||||||||||||| ||geo||
040 ## - კატალოგიზაციის წყარო
Transcribing agency GE_BSU
041 ## - ენის კოდი
Language code of text/sound track or separate title geo
080 ## - უნივერსალური ათობითი კლასიფიკაციის ინდექსი
Universal Decimal Classification number 821.353.1.09 ბ-32
100 ## - მთავარი ჩანაწერი - პიროვნების სახელი
Personal name ბაქრაძე, აკაკი
9 (RLIN) 1269
245 ## - ცნობა სათაურის შესახებ
Title სულის ზრდა :
Remainder of title [კრიტიკული წერილები] /
Statement of responsibility, etc აკაკი ბაქრაძე ; რედ. ნ. ინასარიძე ; მხატვ. დ. გრიგოლია.
264 ## - წარმოების, გამოცემის, დისტრიბუციის და სხვა ცნობები
გამოცემის, წარმოების, დისტრიბუციის... ადგილი თბილისი :
გამოცემის, წარმოების, დისტრიბუციის... სახელწოდება საბჭოთა საქართველო,
გამოცემის, წარმოების, დისტრიბუციის... თარიღი 1986.
300 ## - ფიზიკური აღწერა
Extent 411 გვ. ;
Dimensions 17 სმ.
653 ## - INDEX TERM--UNCONTROLLED
Uncontrolled term ლიტერატურის ისტორია და კრიტიკა
653 ## - INDEX TERM--UNCONTROLLED
Uncontrolled term ქართული ლიტერატურა
653 ## - INDEX TERM--UNCONTROLLED
Uncontrolled term სულის ზრდა
653 ## - INDEX TERM--UNCONTROLLED
Uncontrolled term [კრიტიკული წერილები]
653 ## - INDEX TERM--UNCONTROLLED
Uncontrolled term ქართული ლიტერატურა
700 ## - ADDED ENTRY--PERSONAL NAME
Personal name ინასარიძე, ნ.
Relator term რედაქტორი
9 (RLIN) 1193
700 ## - ADDED ENTRY--PERSONAL NAME
Personal name გრიგოლია, დ.
Relator term მხატვარი
9 (RLIN) 12208
942 ## - ADDED ENTRY ELEMENTS (KOHA)
Koha item type წიგნი
Source of classification or shelving scheme
ეგზემპლარები
ჩამოწერის სტატუსი დაკარგული ეგზემპლარის სტატუსი კლასიფიკაციის წყარო ან თაროზე გაწყობის სქემა დაზიანების სტატუსი არ გაიცემა მუდმივი მდებარეობა (დაცვის ადგილი) ამჟამინდელი ადგილსამყოფელი თაროზე განთავსების ადგილი შეძენის თარიღი ღირებულება, შესყიდვის ნორმალური ფასი სრული შენახვის შიფრი შტრიხკოდი ბოლო ოპერაციის თარიღი ეგზემპლარის მიმდევრობითი ნომერი (კეტერი?) ფასის ძალაში შესვლის თარიღი ეგზემპლარის სახეობა საჯარო შენიშვნა
          ბათუმის შოთა რუსთაველის სახელმწიფო უნივერსიტეტის მთავარი ბიბლიოთეკა ბათუმის შოთა რუსთაველის სახელმწიფო უნივერსიტეტის მთავარი ბიბლიოთეკა წიგნსაცავი 2018-12-17 1.10 821.353.1.09 ბ-32 58390 2018-12-17 58390 2018-12-17 წიგნი 1.10 ₾.